[Event "Tourn. n8946"]
[Site "www.chess-mail.com"]
[Date "2016.10.06"]
[Round "1"]
[White "Redabond"]
[Black "Cal"]
[WhiteElo "1710"]
[BlackElo "1720"]
[Result "1/2-1/2"]
[Round "1"]
1.d4 d5
2.Bc1f4 h6
3.Nb1c3 e6
4.Nc3b5 Bf8d6
5.Bf4xd6 cxd6
6.c3 Ng8f6
7.Qd1a4 Bc8d7
8.Qa4b3 a6
9.Nb5xd6 Kf8
10.Qb3xb7 Nb8c6
11.e3 Nc6e7
12.Bf1xa6 Bd7c6
13.Qb7b4 Ra8xa6
14.Ng1f3 Qd8d7
15.Qb4b8 Nf6e8
16.Nd6xe8 Qd7xe8
17.Qb8xe8 Bc6xe8
18.O-O g6
19.Nf3e5 Be8b5
20.Rf1e1 Kg7
21.b3 f6
22.c4 dxc4
23.bxc4 fxe5
24.cxb5 Ra6b6
25.a4 exd4
26.exd4 Ne7d5
27.Ra1b1 Nd5c3
28.Rb1b4 Rh8d8
29.h3 Nc3d5
30.a5 Rb6d6
31.Rb4b2 Nd5c3
32.b6 Rd6xd4
33.b7 Rd8b8
34.a6 Rd4a4
35.Re1xe6 Nc3d5
36.Rb2b6 Nd5xb6
37.Re6xb6 Ra4a1
38.Kh2 h5
39.f4 Ra1a2
40.Rb6c6 Kf7
41.Kg3 Ra2a3
42.Kh2 Ra3xa6
43.Rc6xa6 Rb8xb7
44.Kg3 Kg7
45.Kh4 Rb7b5
46.g4 Rb5d5
47.Ra6a7 Kf6
48.Ra7a6 Kf7
49.g5 Rd5d4
50.Kg3 Rd4d3
51.Kg2 h4
52.Ra6f6 Kg7
53.f5 gxf5
54.Rf6xf5 Kg6
55.Rf5a5 Rd3g3
56.Kf2 Rg3xh3
57.Kg2 Rh3g3
58.Kh2 Kh5
59.Ra5d5 Rg3xg5
60.Rd5xg5 Kxg5
61.Kh3 Kh5
62.Kh2 Kg4
63.Kg2 { draw }
1/2-1/2

[Event "Tourn. n8953"]
[Site "www.chess-mail.com"]
[Date "2016.10.06"]
[Round "1"]
[White "Picifarkinca"]
[Black "Francesco"]
[WhiteElo "2060"]
[BlackElo "1970"]
[Result "1/2-1/2"]
[Round "1"]
1.d4 d5
2.c4 c6
3.b3 Bc8f5
4.Nb1c3 e6
5.e3 Nb8d7
6.Bf1d3 Ng8e7
7.f3 g6
8.g4 Bf5xd3
9.Qd1xd3 Bf8g7
10.Ng1e2 O-O
11.Bc1a3 Rf8e8
12.f4 Qd8c7
13.O-O-O dxc4
14.bxc4 Qc7a5
15.Kb2 Nd7b6
16.Ne2c1 Nb6a4
17.Nc3xa4 Qa5xa4
18.Qd3b3 Qa4xb3
19.axb3 Ne7c8
20.e4 Re8d8
21.Nc1e2 Rd8d7
22.Kc2 Nc8e7
23.h4 Ra8d8
24.Rd1d3 Ne7c8
25.e5 Bg7f8
26.Ba3b2 Bf8b4
27.h5 c5
28.hxg6 fxg6
29.Rh1d1 cxd4
{ draw }
1/2-1/2

[Event "Match"]
[Site "www.echecsemail.com"]
[Date "2016.10.06"]
[Round "1"]
[White "Genius5"]
[Black "Guidom"]
[WhiteElo "1620"]
[BlackElo "2050"]
[Result "0-1"]
[Round "1"]
1.e4 e5
2.Nb1c3 Nb8c6
3.Ng1f3 d6
4.Bf1b5 Bc8d7
5.d4 exd4
6.Nf3xd4 Nc6xd4
7.Qd1xd4 c6
8.Bb5c4 Qd8f6
9.Bc1e3 Qf6xd4
10.Be3xd4 f6
11.O-O-O Ng8e7
12.f3 Ne7c8
13.Bd4e3 { time. }
0-1

[Event "Match"]
[Site "www.echecsemail.com"]
[Date "2016.10.06"]
[Round "1"]
[White "Ditto"]
[Black "Genius5"]
[WhiteElo "1810"]
[BlackElo "1620"]
[Result "1-0"]
[Round "1"]
1.d4 d5
2.Ng1f3 Ng8f6
3.Bc1g5 Nb8d7
4.e3 h6
5.Bg5f4 e6
6.Bf1b5 c6
7.Bb5e2 Bf8e7
8.O-O O-O
{ time. }
1-0

[Event "Match"]
[Site "www.echecsemail.com"]
[Date "2016.10.06"]
[Round "1"]
[White "Pariolinius"]
[Black "Genius3"]
[WhiteElo "1840"]
[BlackElo "1650"]
[Result "1-0"]
[Round "1"]
1.d4 d6
2.Ng1f3 g6
3.e4 Bf8g7
4.Bc1e3 Ng8f6
5.Nb1c3 O-O
6.Bf1e2 c6
7.O-O Qd8c7
{ time. }
1-0

[Event "Match"]
[Site "www.echecsemail.com"]
[Date "2016.10.06"]
[Round "1"]
[White "Cal"]
[Black "Prize640"]
[WhiteElo "1670"]
[BlackElo "1799"]
[Result "0-1"]
[Round "1"]
1.Nb1c3 c5
2.e4 Nb8c6
3.a3 e6
4.d3 Ng8f6
5.h3 d5
6.exd5 exd5
7.Bc1g5 Bf8e7
8.Ng1f3 Bc8e6
9.b3 h6
10.Bg5xf6 Be7xf6
11.Bf1e2 Bf6xc3
12.Nf3d2 Bc3xa1
13.Qd1xa1 O-O
14.c3 d4
15.c4 Rf8e8
16.Nd2f3 Qd8a5
17.Nf3d2 Nc6e5
18.Qa1b2 Be6g4
19.f3 Ne5xd3
{ resign }
0-1

[Event "Match"]
[Site "www.echecsemail.com"]
[Date "2016.10.06"]
[Round "1"]
[White "Cal"]
[Black "Coraza"]
[WhiteElo "1700"]
[BlackElo "1790"]
[Result "0-1"]
[Round "1"]
1.Nb1c3 e5
2.e4 Bf8c5
3.Ng1f3 Nb8c6
4.a3 Ng8f6
5.d3 Nf6g4
6.Bc1e3 Bc5xe3
7.fxe3 Ng4xe3
8.Qd1e2 Ne3g4
9.h3 Ng4f6
10.g4 O-O
11.b4 a5
12.b5 Nc6d4
13.Nf3xe5 Nd4xe2
14.Bf1xe2 Rf8e8
15.Kd2 Re8xe5
16.Be2f3 c6
17.d4 Re5e7
18.e5 Nf6e8
19.bxc6 dxc6
20.Nc3e4 Qd8xd4
21.Ke2 Re7xe5
22.Ra1d1 Qd4c4
23.Ke3 Bc8e6
24.c3 Qc4c5
25.Kf4 Qc5b5
26.c4 Re5xe4
27.Bf3xe4 Qb5xc4
28.Rh1e1 Ne8f6
29.g5 Nf6h5
30.Kf3 Qc4c3
31.Re1e3 Qc3b2
32.Re3d3 g6
33.Rd3d2 Qb2xa3
34.Rd2d3 Qa3a2
35.Rd1d2 Qa2c4
36.h4 Be6f5
37.Be4xf5 Qc4f4
38.Ke2 Qf4xf5
39.Kd1 Qf5g4
40.Rd2e2 Nh5f4
41.Rd3d2 Nf4xe2
42.Rd2xe2 Ra8e8
{ resign }
0-1

[Event "Match"]
[Site "www.echecsemail.com"]
[Date "2016.10.06"]
[Round "1"]
[White "Pwain"]
[Black "Genius3"]
[WhiteElo "2360"]
[BlackElo "1650"]
[Result "1-0"]
[Round "1"]
1.e4 d6
2.d4 Ng8f6
3.Nb1c3 g6
4.Ng1f3 Bf8g7
5.Bf1e2 O-O
6.O-O c6
7.h3 Qd8c7
{ time. }
1-0

[Event "Match"]
[Site "www.echecsemail.com"]
[Date "2016.10.06"]
[Round "1"]
[White "Genius3"]
[Black "Mdesouza"]
[WhiteElo "1650"]
[BlackElo "2380"]
[Result "0-1"]
[Round "1"]
1.f4 Ng8f6
2.Ng1f3 d6
3.e3 g6
4.b3 Bf8g7
5.Bc1b2 O-O
6.Bf1e2 c5
7.O-O Nb8c6
8.Nb1a3 { time. }
0-1

[Event "Match"]
[Site "www.echecsemail.com"]
[Date "2016.10.06"]
[Round "1"]
[White "Guidom"]
[Black "Genius3"]
[WhiteElo "2110"]
[BlackElo "1650"]
[Result "1-0"]
[Round "1"]
1.e4 d5
2.exd5 Qd8xd5
3.Nb1c3 Qd5a5
4.d3 c6
5.Bc1d2 Ng8f6
6.Ng1f3 Bc8g4
7.Bf1e2 e6
8.O-O Qa5c7
{ time. }
1-0

[Event "Match"]
[Site "www.echecsemail.com"]
[Date "2016.10.06"]
[Round "1"]
[White "Genius3"]
[Black "Manuelito"]
[WhiteElo "1650"]
[BlackElo "1599"]
[Result "0-1"]
[Round "1"]
1.g4 d5
2.Bf1g2 Bc8xg4
3.c4 dxc4
4.Bg2xb7 Nb8d7
5.Bb7xa8 Qd8xa8
6.Ng1f3 Bg4xf3
7.exf3 e5
8.Rh1g1 { time. }
0-1

[Event "Match"]
[Site "www.echecsemail.com"]
[Date "2016.10.06"]
[Round "1"]
[White "Genius3"]
[Black "Fangshuo"]
[WhiteElo "1650"]
[BlackElo "2110"]
[Result "0-1"]
[Round "1"]
1.b3 d5
2.f4 e6
3.Bc1b2 Bf8e7
4.Ng1f3 Ng8f6
5.e3 c5
6.Bf1b5 Bc8d7
7.Bb5xd7 Nb8xd7
8.O-O { time. }
0-1

[Event "1/64 Finale"]
[Site "www.chess-mail.com"]
[Date "2016.10.06"]
[Round "1"]
[White "Mitja"]
[Black "Bevittsmith"]
[WhiteElo "1950"]
[BlackElo "2260"]
[Result "0-1"]
[Round "1"]
1.d4 Ng8f6
2.e3 g6
3.c3 d5
4.h3 Bf8g7
5.Ng1f3 O-O
6.Bf1d3 Nb8d7
7.O-O c5
8.dxc5 Nd7xc5
9.Bd3c2 Bc8d7
10.b3 Ra8c8
11.Bc1b2 b5
12.b4 Nc5e4
13.Nb1d2 Ne4xc3
14.Bb2xc3 Rc8xc3
15.Bc2b3 Qd8c7
16.Ra1c1 Rf8c8
17.Rc1xc3 Qc7xc3
18.a3 e6
19.Nd2b1 Qc3b2
20.Rf1e1 Nf6e4
21.Nf3d2 Ne4xd2
22.Nb1xd2 Qb2xa3
23.Qd1b1 Qa3xb4
24.Nd2f3 a5
25.Qb1d3 Rc8c3
{ resign }
0-1

[Event "Fast Game"]
[Site "www.echecsemail.com"]
[Date "2016.10.06"]
[Round "1"]
[White "Roohbakhsh"]
[Black "Pellix84"]
[WhiteElo "1599"]
[BlackElo "1620"]
[Result "1-0"]
[Round "1"]
1.d4 Ng8f6
2.c4 c5
3.d5 b5
4.cxb5 a6
5.bxa6 Bc8xa6
6.Nb1c3 g6
7.e4 Ba6xf1
8.Kxf1 Bf8g7
9.g3 Qd8b6
10.Kg2 e6
11.Ng1f3 Nb8a6
12.e5 Nf6g4
13.Rh1e1 c4
14.Re1e2 Na6b4
15.h3 Ng4h6
16.Bc1e3 Qb6b8
17.dxe6 dxe6
18.Qd1d6 Nh6f5
19.Qd6xb8 Ra8xb8
20.a4 Nb4d3
21.a5 Nf5xe3
22.fxe3 Nd3xb2
23.a6 Nb2d3
24.a7 Rb8a8
25.Nc3b5 O-O
26.Nb5c7 Nd3xe5
27.Nc7xa8 Ne5xf3
28.Ra1b1 Bg7e5
29.Kxf3 Rf8xa8
30.Rb1b7 c3
31.Re2c2 h5
32.Ke4 Be5xg3
33.Rc2xc3 Kg7
34.Rc3c7 Bg3xc7
35.Rb7xc7 Kf6
36.Kd4 Kf5
37.Rc7xf7 { resign }
1-0

[Event "Tourn. n8922"]
[Site "www.chess-mail.com"]
[Date "2016.10.07"]
[Round "1"]
[White "Fred"]
[Black "Picifarkinca"]
[WhiteElo "2040"]
[BlackElo "1980"]
[Result "0-1"]
[Round "1"]
1.e4 e5
2.f4 exf4
3.Ng1f3 d5
4.e5 Bc8g4
5.d4 g5
6.Bc1d2 Nb8c6
7.c3 Bf8e7
8.Bf1e2 Ng8h6
9.h3 Bg4e6
10.Nf3h2 Nh6f5
11.Nh2f1 Qd8d7
12.Be2d3 O-O-O
13.Qd1e2 Rd8g8
14.Bd3xf5 Be6xf5
15.Nf1h2 h5
16.Nb1a3 Be7xa3
17.bxa3 Bf5e4
18.Ra1c1 g4
19.Bd2xf4 gxh3
20.Rh1g1 hxg2
21.Kd2 h4
22.Nh2f3 h3
23.Bf4h2 Qd7g4
24.Rc1e1 Be4xf3
25.Qe2d3 Qg4g5
26.Qd3e3 Qg5xe3
27.Re1xe3 Bf3e4
28.Re3e2 Nc6a5
29.a4 Na5c4
30.Ke1 Kd7
31.Re2f2 Be4g6
32.Rf2f3 c6
33.Kf2 Nc4d2
34.Rf3xh3 Rh8xh3
35.Rg1xg2 Nd2e4
36.Ke1 Rg8h8
37.Bh2f4 Rh3xc3
38.Bf4d2 Ne4xd2
39.Rg2xd2 Rh8h1
40.Kf2 Rh1h2
41.Ke1 Rc3c1
42.Rd2d1 Rh2h1
{ resign }
0-1

[Event "Tourn. n8977"]
[Site "www.chess-mail.com"]
[Date "2016.10.07"]
[Round "1"]
[White "Bojan"]
[Black "Luban"]
[WhiteElo "1920"]
[BlackElo "1990"]
[Result "0-1"]
[Round "1"]
1.e4 c5
2.Ng1f3 d6
3.d4 cxd4
4.Nf3xd4 Ng8f6
5.Nb1c3 a6
6.h3 e6
7.Nd4f3 Nb8c6
8.Bf1d3 Bf8e7
9.Bc1f4 Bc8d7
10.Nf3h2 b5
11.Nh2g4 O-O
12.Nc3e2 Nf6xg4
13.hxg4 e5
14.Bf4g3 Bd7xg4
15.f3 Bg4d7
16.Ne2c3 f5
17.Nc3d5 Ra8b8
18.c3 f4
19.Nd5xe7 Qd8xe7
20.Bg3h4 Qe7f7
21.Qd1e2 Kh8
22.b4 Bd7e6
23.a4 Be6c4
24.axb5 axb5
25.Bh4f2 Rb8a8
26.O-O g5
27.Ra1xa8 Rf8xa8
28.Bd3xc4 Qf7xc4
29.Qe2xc4 bxc4
30.Bf2b6 Ra8c8
31.Kh2 Kg7
32.Rf1d1 Nc6xb4
33.cxb4 c3
34.Rd1c1 c2
35.Bb6a5 h5
36.b5 Kf7
37.b6 Ke6
38.b7 Rc8b8
39.Rc1xc2 Rb8xb7
40.Ba5d8 g4
41.Bd8g5 Rb7b1
42.Rc2c7 g3
{ resign }
0-1

[Event "Tourn. n8989"]
[Site "www.chess-mail.com"]
[Date "2016.10.07"]
[Round "1"]
[White "Manuelito"]
[Black "Prize640"]
[WhiteElo "1499"]
[BlackElo "1799"]
[Result "0-1"]
[Round "1"]
1.d4 Ng8f6
2.e3 g6
3.Ng1f3 Bf8g7
4.Bf1e2 d6
5.O-O O-O
6.h3 Nb8d7
7.c4 c5
8.Nb1c3 a6
9.dxc5 Nd7xc5
10.b4 Nf6e4
11.Nc3xe4 Nc5xe4
12.Ra1b1 Ne4c3
13.Qd1c2 Bc8f5
14.Be2d3 Bf5xd3
15.Qc2xd3 Nc3xb1
16.Qd3xb1 Qd8c7
17.Qb1b3 Rf8c8
18.c5 dxc5
19.bxc5 e6
20.Bc1a3 Qc7c6
21.Ba3b2 Bg7xb2
22.Qb3xb2 Qc6d5
23.a4 Rc8xc5
24.Qb2d4 Qd5xd4
25.Nf3xd4 Ra8c8
26.Rf1b1 Rc5c1
27.Rb1xc1 Rc8xc1
28.Kh2 Rc1a1
29.Nd4b3 Ra1xa4
30.Nb3c5 Ra4b4
31.f3 a5
32.e4 b6
33.Nc5a6 Rb4b2
{ resign }
0-1

[Event "Tourn. n8980"]
[Site "www.chess-mail.com"]
[Date "2016.10.07"]
[Round "1"]
[White "Goofy"]
[Black "Seger"]
[WhiteElo "2330"]
[BlackElo "2820"]
[Result "0-1"]
[Round "1"]
1.e4 c5
2.Ng1f3 d6
3.d4 cxd4
4.Nf3xd4 a6
5.Nb1c3 Ng8f6
6.h3 e5
7.Nd4e2 b5
8.g4 b4
9.Nc3d5 Nf6xd5
10.exd5 h5
11.Ne2g3 hxg4
12.hxg4 Rh8xh1
13.Ng3xh1 Qd8h4
{ resign }
0-1

[Event "Tourn. n8956"]
[Site "www.chess-mail.com"]
[Date "2016.10.07"]
[Round "1"]
[White "Kampungboy"]
[Black "Sandokam"]
[WhiteElo "2430"]
[BlackElo "2230"]
[Result "1-0"]
[Round "1"]
1.d4 Ng8f6
2.Nb1c3 d5
3.Bc1g5 c6
4.Qd1d3 Nb8d7
5.f3 Qd8b6
6.O-O-O e5
7.Bg5xf6 gxf6
8.e3 Qb6a5
9.Kb1 b5
10.e4 b4
11.Nc3e2 Bc8a6
12.Qd3d2 Nd7b6
13.dxe5 fxe5
14.Qd2g5 Nb6d7
15.Ne2g3 Ba6xf1
16.Rd1xf1 f6
17.Qg5h5 Kd8
18.Ng1e2 d4
19.Ne2xd4 { resign }
1-0

[Event "Tourn. n8961"]
[Site "www.chess-mail.com"]
[Date "2016.10.07"]
[Round "1"]
[White "Ison"]
[Black "4m6az"]
[WhiteElo "2090"]
[BlackElo "2080"]
[Result "1-0"]
[Round "1"]
1.e4 c6
2.d4 e5
3.Ng1f3 exd4
4.Nf3xd4 g6
5.Nb1c3 Bf8g7
6.Bc1e3 d6
7.Bf1e2 a6
8.O-O c5
9.Nd4f3 Bg7xc3
10.bxc3 Ng8f6
11.e5 Nf6e4
12.exd6 Ne4xc3
13.Qd1d2 Nc3xe2
14.Qd2xe2 O-O
15.Be3xc5 Rf8e8
16.Qe2d2  { time }
1-0

[Event "Tourn. n8948"]
[Site "www.chess-mail.com"]
[Date "2016.10.07"]
[Round "1"]
[White "Redabond"]
[Black "Falcoale"]
[WhiteElo "1730"]
[BlackElo "1530"]
[Result "0-1"]
[Round "1"]
1.d4 Ng8f6
2.Bc1f4 e6
3.Nb1c3 b6
4.Nc3b5 d6
5.Ng1f3 Bc8b7
6.e3 a6
7.Nb5c3 Nb8d7
8.Bf1d3 c5
9.O-O Bf8e7
10.dxc5 dxc5
11.Nf3e5 Nd7xe5
12.Bf4xe5 O-O
13.Be5xf6 Be7xf6
14.f3 Qd8c7
15.Ra1b1 Ra8d8
16.f4 c4
17.Qd1e2 cxd3
18.cxd3 Qc7c6
19.e4 b5
20.Rb1c1 Qc6d7
21.e5 Bf6e7
22.Rc1d1 a5
23.d4 b4
24.Nc3e4 Bb7d5
25.g3 Qd7a7
26.Ne4c5 Be7xc5
27.dxc5 Qa7xc5
28.Qe2f2 Qc5c8
29.Rd1c1 Qc8a6
30.Rf1d1 Bd5xa2
31.Rd1xd8 Rf8xd8
32.Qf2f3 Rd8d2
33.Qf3c6 Qa6xc6
34.Rc1xc6 h6
35.Rc6a6 Rd2xb2
36.Ra6xa5 b3
37.Ra5a7 Rb2b1
38.Kg2 Rb1a1
39.h4 b2
{ resign }
0-1

[Event "Tourn. n8890"]
[Site "www.chess-mail.com"]
[Date "2016.10.07"]
[Round "1"]
[White "Picifarkinca"]
[Black "Sportuga"]
[WhiteElo "1920"]
[BlackElo "2029"]
[Result "0-1"]
[Round "1"]
1.Ng1f3 Ng8f6
2.g3 g6
3.Bf1g2 d6
4.O-O Bf8g7
5.c3 O-O
6.d4 Nb8d7
7.Rf1e1 e5
8.e4 Rf8e8
9.Nb1d2 a5
10.dxe5 Nd7xe5
11.Nf3xe5 dxe5
12.Nd2c4 Qd8e7
13.Bc1g5 b5
14.Nc4e3 Bc8b7
15.Ne3d5 Bb7xd5
16.exd5 Qe7d6
17.Qd1b3 Ra8b8
18.Ra1d1 h6
19.Bg5e3 Kh7
20.Rd1d2 Nf6g4
21.c4 bxc4
22.Qb3xc4 Rb8b4
23.Qc4c1 Ng4xe3
24.fxe3 e4
25.Bg2f1 h5
26.Bf1c4 f5
27.a3 Rb4b6
28.b3 Bg7f8
29.Qc1c3 Qd6xa3
30.Re1a1 Qa3b4
31.Qc3c2 Bf8h6
32.Rd2e2 Qb4c5
33.Qc2c3 Re8a8
34.Kf2 Bh6g7
35.Qc3xg7 Kxg7
{ resign }
0-1

[Event "Tourn. n8964"]
[Site "www.chess-mail.com"]
[Date "2016.10.07"]
[Round "1"]
[White "Ison"]
[Black "4m6az"]
[WhiteElo "2120"]
[BlackElo "1940"]
[Result "1-0"]
[Round "1"]
1.e4 c6
2.d4 d5
3.Nb1c3 g6
4.Ng1f3 Bc8g4
5.Bf1e2 Bf8g7
6.Bc1e3 dxe4
7.Nc3xe4 Ng8f6
8.Ne4xf6 Bg7xf6
9.O-O h6
10.h3 Bg4f5
11.c3 Qd8c7
12.Qd1d2 g5
13.Be2d3 Bf5xd3
14.Qd2xd3 Nb8d7
15.b4 b5
16.a4  { time }
1-0

[Event "Tourn. n8886"]
[Site "www.chess-mail.com"]
[Date "2016.10.07"]
[Round "1"]
[White "Esperanza"]
[Black "Ff333"]
[WhiteElo "2160"]
[BlackElo "2040"]
[Result "0-1"]
[Round "1"]
1.e4 e5
2.Ng1f3 Nb8c6
3.Bf1c4 f6
4.O-O Bf8c5
5.d3 Nc6d4
6.Nf3xe5 Nd4e6
7.Qd1h5 Ke7
8.Qh5f7 Kd6
9.Bc4xe6 fxe5
10.Qf7xg7 Ng8e7
11.Be6b3 Ne7g6
12.Nb1d2 b5
13.Nd2f3 Qd8f8
14.Qg7xf8 Rh8xf8
15.Nf3g5 h5
16.Ng5h7 Rf8h8
17.Nh7f6 Bc8b7
18.Bb3d5 c6
19.Bd5f7 Ng6f4
20.Bc1xf4 exf4
21.Rf1e1 Ke7
22.Nf6xh5 f3
 { time }
0-1

[Event "Tourn. n8931"]
[Site "www.chess-mail.com"]
[Date "2016.10.07"]
[Round "1"]
[White "Ditto"]
[Black "Ison"]
[WhiteElo "1830"]
[BlackElo "1960"]
[Result "0-1"]
[Round "1"]
1.e4 e5
2.Ng1f3 Nb8c6
3.Bf1c4 Bf8c5
4.d3 Ng8f6
5.Bc1g5 O-O
6.Nb1c3 h6
7.Bg5h4 g5
8.Bh4g3 d6
9.O-O Bc8g4
10.Nc3b1 Nc6d4
11.Nb1d2 Nf6h5
12.c3 Nh5xg3
13.hxg3 Nd4xf3
14.gxf3 Bg4h5
15.Kg2 Qd8f6
16.Rf1h1 Bh5g6
17.Rh1xh6 Kg7
18.Rh6h3 Rf8h8
19.Qd1b3 Rh8xh3
20.Kxh3 Bc5xf2
21.g4 Qf6f4
22.Nd2f1 Ra8h8
{ resign }
0-1

[Event "Tourn. n8886"]
[Site "www.chess-mail.com"]
[Date "2016.10.07"]
[Round "1"]
[White "Bira47"]
[Black "Esperanza"]
[WhiteElo "2000"]
[BlackElo "2160"]
[Result "1-0"]
[Round "1"]
1.b3 d6
2.Bc1b2 Nb8d7
3.Ng1f3 Ng8f6
4.g3 e5
5.d3 Bf8e7
6.Bf1g2 O-O
7.O-O c6
8.e4 Rf8e8
9.h3 Nd7f8
10.Nb1d2 h6
11.d4 exd4
12.Nf3xd4 Nf8g6
13.Nd4f5 Be7f8
14.Nd2c4 Bc8xf5
15.exf5 Ng6e5
16.Nc4xe5 dxe5
17.Qd1xd8 Ra8xd8
18.Ra1d1 Nf6d5
19.c4 Nd5e7
20.Rd1xd8 Re8xd8
21.Bb2xe5 Ne7xf5
22.Bg2f3 Nf5d4
23.Be5xd4 Rd8xd4
24.Rf1d1 Rd4xd1
25.Bf3xd1 Bf8c5
26.Kg2 a5
27.f4 f6
28.Kf3 Kf7
29.g4  { time }
1-0

[Event "Tourn. n8924"]
[Site "www.chess-mail.com"]
[Date "2016.10.07"]
[Round "1"]
[White "Attatroll"]
[Black "Pariolinius"]
[WhiteElo "1870"]
[BlackElo "1800"]
[Result "1-0"]
[Round "1"]
1.e4 c5
2.Nb1c3 Nb8c6
3.g4 g6
4.d3 Bf8g7
5.h3 e5
6.Bf1g2 d6
7.Ng1e2 Ng8f6
8.O-O O-O
9.Bc1g5 Bc8e6
10.a3 Qd8b6
11.Nc3a4 Qb6c7
12.Na4c3 a6
13.f4 h6
14.Bg5xf6 Bg7xf6
15.f5 Be6d7
16.fxg6 fxg6
17.Nc3d5 Qc7d8
18.Nd5xf6 Rf8xf6
19.Rf1xf6 Qd8xf6
20.Qd1f1 Qf6g7
21.Ne2c3 Ra8f8
22.Qf1e2 Nc6d4
23.Qe2d2 Rf8f3
24.Ra1f1 Qg7f7
25.Qd2xh6 Rf3xf1
26.Bg2xf1 Nd4xc2
27.Nc3d5 Nc2d4
28.Kg2 Qf7f3
29.Kg1 Qf3g3
30.Kh1 Qg3f3
31.Bf1g2 Qf3f7
32.g5 Qf7g7
33.Nd5f6 Kf8
34.Nf6xd7 Kf7
35.Qh6xg7 Kxg7
36.Kg1 Nd4e2
37.Kf2 Ne2f4
38.Bg2f1 Kf7
39.Nd7f6 Nf4e6
40.h4 Ne6f4
41.Nf6d5 Nf4e6
42.Bf1h3 b5
43.Bh3xe6 Kxe6
44.Nd5c7 Kd7
45.Nc7xa6 Kc8
46.b4 c4
47.dxc4 bxc4
48.b5 Kb7
49.h5 { resign }
1-0

[Event "Tourn. n8813"]
[Site "www.chess-mail.com"]
[Date "2016.10.07"]
[Round "1"]
[White "Esperanza"]
[Black "Jackbauer"]
[WhiteElo "2019"]
[BlackElo "1870"]
[Result "0-1"]
[Round "1"]
1.Ng1f3 g6
2.g3 Bf8g7
3.Bf1g2 e5
4.d3 Nb8c6
5.O-O d5
6.Bc1g5 Bg7f6
7.Bg5xf6 Ng8xf6
8.Nb1d2 O-O
9.e4 d4
10.Nd2c4 Rf8e8
11.h3 Bc8e6
12.Nc4d2 a5
13.Nf3g5 Be6d7
14.f4 h6
15.fxe5 Nc6xe5
16.Ng5f3 c5
17.Nf3xe5 Re8xe5
18.Nd2c4 Re5e6
19.Qd1f3 Bd7e8
20.h4 Be8c6
21.Qf3f4 Bc6e8
22.Qf4xh6 Nf6g4
23.Qh6f4 Ng4f6
24.Bg2h3 Nf6h5
25.Qf4f3 Re6f6
26.Qf3g2 Rf6xf1
27.Ra1xf1 Qd8c7
28.Rf1f3 b5
29.Nc4d2 Be8c6
30.Qg2f2 Bc6e8
31.g4 Nh5g7
32.h5 Qc7e7
33.hxg6 fxg6
34.Bh3g2 Ra8d8
35.Rf3h3 Qe7g5
36.Rh3g3 Be8d7
37.Nd2f3 Qg5c1
38.Bg2f1 Rd8f8
39.b3 Ng7e6
40.Qf2d2 Qc1xd2
41.Nf3xd2 g5
42.Nd2f3 Kg7
43.Nf3e5 Bd7c8
44.Ne5c6 a4
45.Nc6e7 Bc8d7
46.Ne7f5 Kf7
47.Rg3f3 Ne6f4
48.Rf3f2 Nf4h3
49.Bf1xh3 axb3
50.axb3 Ke6
51.Nf5xd4 Ke5
52.Rf2xf8 cxd4
53.Rf8d8 Bd7c6
 { time }
0-1

[Event "Match"]
[Site "www.echecsemail.com"]
[Date "2016.10.07"]
[Round "1"]
[White "Pinehill"]
[Black "Manuelito"]
[WhiteElo "2050"]
[BlackElo "1599"]
[Result "1-0"]
[Round "1"]
1.e4 e5
2.d4 exd4
3.Bf1c4 Qd8f6
4.Ng1f3 c5
5.e5 Qf6g6
6.O-O Nb8c6
7.Rf1e1 Kd8
8.Bc1g5 f6
9.exf6 Ng8xf6
10.c3 h6
11.Bg5xf6 Qg6xf6
12.cxd4 Bf8e7
13.dxc5 Qf6xb2
14.Nb1d2 Be7xc5
15.Ra1b1 Qb2f6
16.Nd2e4 Bc5xf2
17.Ne4xf2 Rh8e8
18.Nf2e4 Qf6f4
19.Ne4d6 Re8xe1
20.Qd1xe1 Qf4xd6
21.Rb1d1 Qd6c5
22.Kh1 Qc5xc4
23.Qe1g3 Qc4e2
24.Rd1e1 Qe2xa2
25.Qg3xg7 a5
26.Qg7xh6 a4
27.Qh6d6 a3
28.Nf3g5 b5
29.Ng5e6 Ke8
30.Ne6c7 { resign }
1-0

[Event "Match"]
[Site "www.echecsemail.com"]
[Date "2016.10.07"]
[Round "1"]
[White "Andregor"]
[Black "Godrad"]
[WhiteElo "2650"]
[BlackElo "1809"]
[Result "1/2-1/2"]
[Round "1"]
1.e4 c5
2.Ng1f3 d6
3.d4 cxd4
4.Nf3xd4 Ng8f6
5.Nb1c3 a6
6.Bc1g5 e6
7.f4 Bf8e7
8.Qd1f3 Qd8c7
9.O-O-O Nb8d7
10.g4 b5
11.Bg5xf6 Nd7xf6
12.g5 Nf6d7
13.a3 Ra8b8
14.Bf1h3 Nd7c5
15.b4 Nc5a4
16.Rd1d3 Bc8d7
17.f5 Be7xg5
18.Kb1 O-O
19.Nc3xa4 bxa4
20.Rh1g1 h6
21.Qf3h5 Qc7c4
22.Rg1xg5 hxg5
23.Bh3g4 Rb8xb4
24.axb4 Qc4xb4
25.Kc1 a3
26.Nd4b3 Qb4xe4
27.Rd3h3 Qe4e1
28.Bg4d1 f6
29.Qh5h8 Kf7
30.Qh8h5 Kg8
31.Nb3d2 a2
32.Qh5h8 Kf7
33.Qh8h5 Kg8
34.Qh5h7 Kf7
35.Rh3a3 exf5
36.Ra3xa2 f4
37.Ra2xa6 Bd7g4
38.Kb2 Rf8b8
39.Nd2b3 Rb8xb3
40.cxb3 Qe1e5
41.Ka2 Bg4xd1
42.Ra6a7 Ke6
43.Ra7xg7 Qe5a5
44.Kb2 Qa5e5
{ draw }
1/2-1/2

[Event "Match"]
[Site "www.echecsemail.com"]
[Date "2016.10.07"]
[Round "1"]
[White "4m6az"]
[Black "Add"]
[WhiteElo "1960"]
[BlackElo "2090"]
[Result "0-1"]
[Round "1"]
1.e3 d5
2.Nb1c3 e5
3.Ng1f3 e4
4.Nf3d4 Ng8f6
5.Bf1b5 c6
6.Bb5a4 Bf8b4
7.a3 Bb4c5
8.Nd4b3 Bc5d6
9.d3 b5
10.Nc3xb5 cxb5
 { time }
0-1

[Event "Match"]
[Site "www.echecsemail.com"]
[Date "2016.10.07"]
[Round "1"]
[White "Roohbakhsh"]
[Black "Billyg"]
[WhiteElo "1499"]
[BlackElo "1680"]
[Result "1-0"]
[Round "1"]
1.d4 d6
2.c4 Nb8c6
3.Ng1f3 h6
4.d5 Nc6e5
5.Nf3xe5 f6
6.Ne5g6 Rh8h7
7.e4 f5
8.Ng6xf8 Kxf8
9.exf5 Bc8xf5
10.Bf1d3 Bf5xd3
11.Qd1xd3 Ng8f6
12.Bc1e3 g5
13.Be3d4 Rh7f7
14.Qd3g6 e5
15.dxe6 Qd8e7
16.Qg6xh6 Ke8
17.Kd1 Rf7f8
18.Nb1c3 c5
19.Bd4xf6 Rf8xf6
20.Qh6xg5 Rf6xe6
21.Qg5g8 Qe7f8
22.Qg8xe6 Qf8e7
23.Qe6g8 Qe7f8
24.Rh1e1 Kd7
25.Qg8xf8 Ra8xf8
26.f3 Rf8f5
27.h4 a6
28.Nc3d5 b5
29.b3 Kd8
30.Re1e3 bxc4
31.bxc4 Rf5f7
32.g4 Kc8
33.Ke2 Kb7
34.Re3e7 { resign }
1-0

[Event "Match"]
[Site "www.echecsemail.com"]
[Date "2016.10.07"]
[Round "1"]
[White "Calponas"]
[Black "4m6az"]
[WhiteElo "1980"]
[BlackElo "1809"]
[Result "1-0"]
[Round "1"]
1.e4 e5
2.Ng1f3 Nb8c6
3.Bf1c4 Bf8c5
4.c3 Qd8f6
5.d3 a6
6.b4 Bc5a7
7.a4 Ng8e7
8.Bc1e3 Ba7xe3
9.fxe3 d6
10.Nb1d2 O-O
11.O-O h6
12.Qd1e2 Bc8g4
13.h3 Bg4xf3
14.Rf1xf3 Qf6g6
15.Ra1f1 Qg6h5
16.Qe2f2 Nc6d8
17.d4 c6
18.Bc4b3 b5
19.a5  { time }
1-0

[Event "Match"]
[Site "www.echecsemail.com"]
[Date "2016.10.07"]
[Round "1"]
[White "Wagner"]
[Black "Manuelito"]
[WhiteElo "1790"]
[BlackElo "1599"]
[Result "0-1"]
[Round "1"]
1.e4 e5
2.Ng1f3 d6
3.d4 exd4
4.Qd1xd4 Nb8c6
5.Qd4c3 Ng8f6
6.Qc3c4 Bc8e6
7.Qc4b5 a6
8.Qb5xb7 Be6d7
9.c3 Qd8b8
10.Bf1xa6 Qb8xb7
11.Ba6xb7 Ra8b8
12.Bb7xc6 Bd7xc6
13.Nb1d2 Nf6xe4
14.O-O Bf8e7
15.Nd2c4 O-O
16.Nf3d4 Bc6a8
17.Rf1e1 d5
18.Nc4e5 Rf8d8
19.Bc1f4 Rb8xb2
20.Nd4c6 Rd8e8
21.c4 dxc4
22.Ne5xc4 Rb2xf2
23.Re1xe4 Ba8xc6
24.Re4xe7 Rf2xg2
25.Kf1 Re8xe7
26.Ra1d1 Rg2xa2
27.Bf4xc7 Ra2xh2
28.Kg1 Rh2h1
{ resign }
0-1

[Event "Match"]
[Site "www.echecsemail.com"]
[Date "2016.10.07"]
[Round "1"]
[White "Bojan"]
[Black "Ssharp"]
[WhiteElo "1880"]
[BlackElo "2140"]
[Result "0-1"]
[Round "1"]
1.e4 e6
2.d4 d5
3.exd5 exd5
4.Bc1f4 Ng8f6
5.a3 Bf8e7
6.c4 c6
7.Nb1c3 O-O
8.Ng1f3 Rf8e8
9.Bf1e2 Bc8g4
10.O-O Bg4xf3
11.Be2xf3 dxc4
12.Rf1e1 Nb8d7
13.Qd1c2 Nd7b6
14.Ra1d1 Nf6d5
15.Nc3xd5 cxd5
16.a4 Be7b4
17.Re1e3 Re8xe3
18.fxe3 Qd8d7
19.Rd1a1 a5
20.b3 Ra8c8
21.h3 g6
22.Ra1b1 cxb3
23.Qc2xb3 Nb6c4
24.h4 Nc4d2
25.Qb3a2 Nd2xb1
26.Qa2xb1 Qd7xa4
27.h5 Qa4c2
28.Qb1f1 Qc2c6
29.Kf2 a4
30.hxg6 hxg6
31.Qf1a1 a3
32.Qa1h1 Bb4f8
33.Bf4e5 Bf8g7
34.Qh1a1 Qc6c3
35.Qa1xc3 Rc8xc3
36.Bf3xd5 Bg7xe5
37.dxe5 a2
{ resign }
0-1

[Event "Match"]
[Site "www.echecsemail.com"]
[Date "2016.10.07"]
[Round "1"]
[White "Mdesouza"]
[Black "Steel"]
[WhiteElo "2320"]
[BlackElo "1809"]
[Result "0-1"]
[Round "1"]
1.e4 c5
2.Ng1f3 e6
3.d4 cxd4
4.Nf3xd4 Nb8c6
5.c4 Ng8f6
6.Nb1c3 Bf8b4
7.Nd4xc6 bxc6
8.Qd1c2 d5
9.exd5 exd5
10.cxd5 Qd8xd5
11.Bc1d2 Qd5e5
12.Bf1e2 O-O
13.O-O Bc8f5
14.Qc2c1 Bb4xc3
15.Bd2xc3 Qe5xe2
16.Qc1g5 Bf5g6
17.Ra1e1 Qe2b5
18.Bc3xf6 gxf6
19.Qg5xf6 Rf8e8
20.h3 h6
21.b3 Ra8d8
22.Re1e7 Re8xe7
23.Qf6xe7 Qb5b6
24.Rf1e1 Kh7
25.Re1e2 Rd8d1
26.Kh2 Qb6b8
27.Qe7e5 Qb8xe5
28.Re2xe5 Rd1d2
29.Re5a5 Rd2xf2
30.Kg3 Rf2b2
31.Ra5xa7 Kg7
32.Ra7a4 Bg6b1
33.Ra4g4 Kf8
34.Rg4c4 Bb1xa2
35.Rc4xc6 Rb2xb3
36.Kf4 Kg7
37.Rc6c5 Rb3b4
38.Ke3 Ba2e6
39.Kf3 Kg6
40.Rc5e5 Be6c8
41.Ke3 Rb4b2
42.Re5e8 Bc8a6
43.Re8g8 Kh7
44.Rg8g4 Ba6c8
45.Rg4f4 Kg6
46.g3 Bc8xh3
47.Rf4h4 Bh3e6
48.Rh4d4 Kg5
49.Rd4d8 h5
50.Rd8d4 Rb2g2
51.Kf3 Rg2c2
52.Ke3 Rc2b2
53.Rd4d8 Kg4
54.Rd8g8 Kh3
55.Rg8g7 Rb2g2
56.Rg7h7 Rg2xg3
57.Kf4 h4
{ resign }
0-1